Southville International School and Colleges
Your cart is empty.
  • Cart
  • Lists
    Public lists Eva Luna New books Lux_list list_1
    Your lists Log in to create your own lists
  • Log in to your account
  • Your cookies
  • Search history
Southville International School and Colleges
  • Advanced search
  • Recent comments
  • Most popular
  • Libraries

Log in to your account

Log in with GOOGLE


If you do not have an external account, but do have a local account, you can still log in:

  1. Home
  2. MARC view: Oliver Nocturne
Normal view MARC view ISBD view

Oliver Nocturne (Record no. 2561)

[ view plain ]
MARC details
000 -LEADER
fixed length control field 00545nam a22002177a 4500
003 - CONTROL NUMBER IDENTIFIER
control field OSt
005 - DATE AND TIME OF LATEST TRANSACTION
control field 20140310181735.0
008 - FIXED-LENGTH DATA ELEMENTS--GENERAL INFORMATION
fixed length control field 121114t xxu||||| |||| 00| 0 eng d
020 ## - INTERNATIONAL STANDARD BOOK NUMBER
International Standard Book Number 9780545058025
050 ## - LIBRARY OF CONGRESS CALL NUMBER
Classification number PZ 7
Item number .Em53 2008
082 ## - DEWEY DECIMAL CLASSIFICATION NUMBER
Classification number FIC
Item number Em1s 2003
100 ## - MAIN ENTRY--PERSONAL NAME
Personal name Kevin Emerson.
9 (RLIN) 17462
245 ## - TITLE STATEMENT
Title Oliver Nocturne
Remainder of title The Sunlight Slayings
260 ## - PUBLICATION, DISTRIBUTION, ETC. (IMPRINT)
Place of publication, distribution, etc New York
Name of publisher, distributor, etc Scholastic Inc.
Date of publication, distribution, etc 2003
300 ## - PHYSICAL DESCRIPTION
Size of unit 19 cm.
Extent 218 p. ;
521 ## - TARGET AUDIENCE NOTE
Target audience note
541 ## - IMMEDIATE SOURCE OF ACQUISITION NOTE
-- 1
562 ## - COPY AND VERSION IDENTIFICATION NOTE
Number of copies 1
650 ## - SUBJECT ADDED ENTRY--TOPICAL TERM
Topical term or geographic name as entry element Fiction.
9 (RLIN) 746
942 ## - ADDED ENTRY ELEMENTS (KOHA)
Source of classification or shelving scheme Library of Congress Classification
Koha item type
Call number prefix

No items available.

Oliver Nocturne

APA

Kevin Emerson, . (2003). Oliver Nocturne. New York: Scholastic Inc.

Chicago

Kevin Emerson, . 2003. Oliver Nocturne. New York: Scholastic Inc.

Harvard

Kevin Emerson, . (2003). Oliver Nocturne. New York: Scholastic Inc.

MLA

Kevin Emerson, . Oliver Nocturne. New York: Scholastic Inc. 2003.

  • Print
  • Cite
  • Add to your cart (remove)
  • Save record
    BIBTEX Dublin Core MARCXML MARC (non-Unicode/MARC-8) MARC (Unicode/UTF-8) MARC (Unicode/UTF-8, Standard) MODS (XML) RIS
  • More searches
    Search for this title in:
    Other Libraries (WorldCat) Other Databases (Google Scholar) Online Stores (Bookfinder.com) Open Library (openlibrary.org)

Exporting to Dublin Core...

SOUTHVILLE LIBRARY

Southville International School and Colleges Library

1281 Tropical Ave. Cor. Luxembourg St., BF Homes International, Las Pinas City

Tel. No. 8256374 / 252358 Loc. 117/146

Powered by Koha